000 00555nam a22002057a 4500
003 OSt
005 20140704133156.0
008 140704b xxu||||| |||| 00| 0 eng d
020 _a9780470568026
040 _cDDC
082 _222nd ed.
_a005.1 SHO 2009
_bS
100 _aShoup Kate
_9326
245 _aWindows 7 Digital classroom
260 _aIndianapolis:
_bWiley,
_c2009
300 _axx,536p;
_bcol.Ill
_c23.5cm
504 _aAppendix, index included.
650 _aDigital computers
_9327
700 _aAGI Training Team
_9328
942 _2ddc
_cO_SHELF
999 _c121
_d121